000 00805nmc a2200289 a 4500
003 AR-BaBNM
005 20251128203920.0
008 095019s1992 ||||||||||||||000 | spa||
020 _a950-755-046-1
040 _cAR-BaBNM
100 1 _aMedina, Ramón Enrique
245 1 0 _aEl juego y su revalorización en la escuela
260 _aBuenos Aires
_bBraga
_c1992
300 0 _a23 p.
_bil.
490 0 _aLineamientos. Cuadernos de orientación educativa
_vv. 1
650 4 _aJUEGOS EDUCATIVOS
650 4 _aMETODOS DE ENSENANZA
650 4 _aMATERIAL DIDACTICO
650 4 _aESCUELAS ACTIVAS
650 4 _aPENSAMIENTO CREADOR
650 4 _aDESARROLLO DE LA CREATIVIDAD
650 4 _aINTEGRACION ESCOLAR
650 4 _aIMAGINACION
650 4 _aSIGLO VEINTE
942 _cBK
998 _cGrace
999 _c5454
_d5454